Doctor Who - Nomme chaque Docteur - Statistiques

Statistiques générales
  • Ce quiz a été pris 90 fois
  • Le résultat moyen est 16 sur 16
Statistiques - réponses
Par images Réponse % Correct
Dixième Docteur
99%
Douzième Docteur
99%
Neuvième Docteur
99%
Onzième Docteur
99%
Premier Docteur
99%
Quatorzième Docteur
99%
Quinzième Docteur
99%
Treizième Docteur
99%
Cinquième Docteur
97%
Deuxième Docteur
97%
Huitième Docteur
97%
Quatrième Docteur
97%
Septième Docteur
97%
Sixième Docteur
97%
Troisième Docteur
97%
Docteur de la guerre
84%
Aucun quiz correspondant
Distribution des résultats
% des personnes avec chaque résultat
Percentile par nombre de réponses
Votre historique - résultats
Vous n’avez pas pris ce quiz